000 00309nam a2200121Ia 4500
008 180117s9999 xx 000 0 und d
100 _aby Alex y Vergara
245 _aUnited with a Noble Purpose
260 _c2017
300 _a23-24 pages, 2017 April 2
440 _aPhilippine Panorama
650 _aNOBLE
999 _c353449
_d353449